Frozen heart /

Saved in:
Bibliographic Details
Main Author: Clair, Daphne
Format: Book
Language:English
Published: London : Mills & Boon, 1980.
LEADER 00802cam a2200241 a 4500
001 c000272549
003 CARM
005 20070924085132.0
008 830105s1980 enk 000 1 eng d
015 |a B8010242 
019 1 |a 2387759  |5 LACONCORD2021 
020 |a 0263096483 
035 |a (OCoLC)6875087  |5 LACONCORD2021 
040 |a NSL:R  |b eng  |c NSL:R  |d NSL:M  |d VCAV 
082 0 4 |a 823.914  |2 22 
100 1 |a Clair, Daphne. 
245 1 0 |a Frozen heart /  |c by Daphne Clair. 
260 |a London :  |b Mills & Boon,  |c 1980. 
300 |a 191 p. ;  |c 20 cm. 
500 |a A novel. 
852 8 |b CARM  |h A1:AN36A0  |i A04846  |p 0393324  |f BK 
999 f f |i 4338eae5-c34e-5038-866c-b4c13de6536a  |s ade44a67-79ef-597a-aaf4-51e454cc0a7c 
952 f f |p Can circulate  |a CAVAL  |b CAVAL  |c CAVAL  |d CARM 1 Store  |e A04846  |f A1:AN36A0  |h Other scheme  |i book  |m 0393324